Supreme Court reports : (Record no. 9317)

MARC details
000 -LEADER
fixed length control field 01025nam a22002057a 4500
003 - CONTROL NUMBER IDENTIFIER
control field OSt
005 - DATE AND TIME OF LATEST TRANSACTION
control field 20260407055631.0
008 - FIXED-LENGTH DATA ELEMENTS--GENERAL INFORMATION
fixed length control field 260407b |||||||| |||| 00| 0 eng d
020 ## - INTERNATIONAL STANDARD BOOK NUMBER
International Standard Book Number 971-16-0092-7
040 ## - CATALOGING SOURCE
Original cataloging agency DWC-Main lib.
Transcribing agency OC
082 ## - DEWEY DECIMAL CLASSIFICATION NUMBER
Classification number GR. 348.044 Su959
110 ## - MAIN ENTRY--CORPORATE NAME
Corporate name or jurisdiction name as entry element EDITORIAL STAFF OF THE CENTRAL LAWBOOK PUBLISHING CO., INC
245 ## - TITLE STATEMENT
Title Supreme Court reports :
Remainder of title annotated/
Statement of responsibility, etc. EDITORIAL STAFF OF THE CENTRAL LAWBOOK PUBLISHING CO., INC
260 ## - PUBLICATION, DISTRIBUTION, ETC.
Place of publication, distribution, etc. Manila, Philippines :
Name of publisher, distributor, etc. Central Lawbook Publishing Company, Inc
300 ## - PHYSICAL DESCRIPTION
Extent various paging :
Dimensions 23 cm
500 ## - GENERAL NOTE
General note volume 131 to 140
504 ## - BIBLIOGRAPHY, ETC. NOTE
Bibliography, etc. note v.131 - July 31 to August 31, 1984<br/>v.132 - September 5 to October 23, 1984<br/>v. 133 - October 30 to December 1984<br/>v.134 - January to Febrv. 133 - October 30 to December 198485<br/>v.137 - June to July 29, 1985<br/>v.138 - August to September 1985<br/>v.139 - October to November 11, 1985<br/>v.140 - November 12 to December 1985<br/>
650 ## - SUBJECT ADDED ENTRY--TOPICAL TERM
Topical term or geographic name entry element 1. Law reports, digests, etc.--- Philippines
942 ## - ADDED ENTRY ELEMENTS (KOHA)
Source of classification or shelving scheme Dewey Decimal Classification
Koha item type General Reference
Classification part GR.
Suppress in OPAC No
952 ## - LOCATION AND ITEM INFORMATION (KOHA)
--
952 ## - LOCATION AND ITEM INFORMATION (KOHA)
--
952 ## - LOCATION AND ITEM INFORMATION (KOHA)
--
952 ## - LOCATION AND ITEM INFORMATION (KOHA)
--
952 ## - LOCATION AND ITEM INFORMATION (KOHA)
--
952 ## - LOCATION AND ITEM INFORMATION (KOHA)
--
952 ## - LOCATION AND ITEM INFORMATION (KOHA)
--
952 ## - LOCATION AND ITEM INFORMATION (KOHA)
--
952 ## - LOCATION AND ITEM INFORMATION (KOHA)
--
952 ## - LOCATION AND ITEM INFORMATION (KOHA)
--
Holdings
Withdrawn status Lost status Source of classification or shelving scheme Damaged status Not for loan Home library Current library Shelving location Date acquired Source of acquisition Total Checkouts Full call number Barcode Date last seen Copy number Price effective from Koha item type Uniform Resource Identifier
    Dewey Decimal Classification     College Library College Library General Reference 03/08/2006 School Fund   GR. 348.044 Su959 CL43002 04/07/2026 c1 04/07/2026 GR
    Dewey Decimal Classification     College Library College Library General Reference 03/08/2006 School Fund   GR. 348.044 Su959 43003 04/07/2026 c2 04/07/2026 GR
    Dewey Decimal Classification     College Library College Library General Reference 03/08/2006 School Fund   GR. 348.044 Su959 43005 04/07/2026 c4 04/07/2026 GR
    Dewey Decimal Classification     College Library College Library General Reference 03/08/2006 School Fund   GR. 348.044 Su959 43004 04/07/2026 c3 04/07/2026 GR
    Dewey Decimal Classification     College Library College Library General Reference 03/08/2006 School Fund   GR. 348.044 Su959 43006 04/07/2026 c5 04/07/2026 GR
    Dewey Decimal Classification     College Library College Library General Reference 03/08/2006 School Fund   GR. 348.044 Su959 43007 04/07/2026 c6 04/07/2026 GR
    Dewey Decimal Classification     College Library College Library General Reference 03/08/2006 School Fund   GR. 348.044 Su959 43008 04/07/2026 c7 04/07/2026 GR
    Dewey Decimal Classification     College Library College Library General Reference 03/08/2006 School Fund   GR. 348.044 Su959 43009 04/07/2026 c8 04/07/2026 GR
    Dewey Decimal Classification     College Library College Library General Reference 03/08/2006 School Fund   GR. 348.044 Su959 43010 04/07/2026 c9 04/07/2026 GR
    Dewey Decimal Classification     College Library College Library General Reference 03/08/2006 School Fund   GR. 348.044 Su959 43011 04/07/2026 c10 04/07/2026 GR